E-Government strategy (Record no. 613)
[ view plain ]
| 000 -LEADER | |
|---|---|
| fixed length control field | 00405nam a22001217a 4500 |
| 008 - FIXED-LENGTH DATA ELEMENTS--GENERAL INFORMATION | |
| fixed length control field | 230606b xxu||||| |||| 00| 0 eng d |
| 082 ## - DEWEY DECIMAL CLASSIFICATION NUMBER | |
| Classification number | 352.36762 |
| Item number | CAB |
| 110 ## - MAIN ENTRY--CORPORATE NAME | |
| Subordinate unit | Cabinet office Office of the President |
| 245 ## - TITLE STATEMENT | |
| Title | E-Government strategy |
| Remainder of title | The strategic framework, Administrative structure, Training Requirements and standardization framework |
| 250 ## - EDITION STATEMENT | |
| Edition statement | March, 2004 |
| 300 ## - PHYSICAL DESCRIPTION | |
| Extent | 70p |
| 942 ## - ADDED ENTRY ELEMENTS (KOHA) | |
| Source of classification or shelving scheme | Dewey Decimal Classification |
| Koha item type | Books |
| Withdrawn status | Lost status | Source of classification or shelving scheme | Damaged status | Not for loan | Home library | Current library | Date acquired | Total Checkouts | Full call number | Barcode | Date last seen | Price effective from | Koha item type |
|---|---|---|---|---|---|---|---|---|---|---|---|---|---|
| Dewey Decimal Classification | Bunge Tower Library | Bunge Tower Library | 06/06/2023 | 352.36762 CAB | 10015283 | 06/06/2023 | 06/06/2023 | Books |
